Normal view
MARC view
- الحاج،نعمة الله حبيب
Entry Personal Name
001 - CONTROL NUMBER
- control field: 21258
003 - CONTROL NUMBER IDENTIFIER
- control field: JO-AjAnu
005 - DATE AND TIME OF LATEST TRANSACTION
- control field: 20230606073703.0
008 - FIXED-LENGTH DATA ELEMENTS
- fixed length control field: 230606|| aca||aabn | a|a d
040 ## - CATALOGING SOURCE
- Original cataloging agency: JO-AjAnu
- Transcribing agency: JO-AjAnu
100 ## - HEADING--PERSONAL NAME
- Personal name: الحاج،نعمة الله حبيب
670 ## - SOURCE DATA FOUND
- Source citation: Work cat.: (JO-AjAnu)10921: الحاج،نعمة الله حبيب, author, الدليل في لغة الاعمال: تجارة- محاسبة- ادارة اعمال